90's movies - Statistics

General Stats
  • This quiz has been taken 667 times
  • The average score is 24 of 35
Answer Stats
Hint Answer % Correct
Leonardo DiCaprio get the chance of a life-time to go on a Cruise Ship, where he falls in love before tradgedy Titanic
92%
My momma always said, "Life was like a box of chocolates. You never know what you're gonna get." Forrest Gump
90%
John Travolta, Uma Thurman and Samuel L. Jackson are among Quentin Tarantino amazing cast Pulp Fiction
90%
Brad Pitt, Edward Norton Fight Club
86%
Jim Carrey discovers his entire life is actually a T.V. show The Truman Show
86%
Tom Hanks stars in Steven Spielberg's War film where he is on a mission to rescue a soilder Saving Private Ryan
84%
Anthony Hopkins is Hannibal Lecter, being questioned by young F.B.I. cadet, Jodie Foster. The Silence of the Lambs
84%
Macaulay Culkin is accidentally left behind while his family flies to France for Christmas Home Alone
83%
Tom Hanks and Tim Allen star in this animation as kids toys Toy Story
82%
Neo is the Special one in The Wachowski Brothers sci-fi computer hacking film The Matrix
81%
Mel Gibson leads the people of Scotland to FREEDOM from the cruel English Braveheart
79%
Michael Jordan agrees to help the Looney Toons play a basketball game vs. alien slavers to determine their freedom. Space Jam
79%
A boy who says he sees dead people seeks the help of a child psychologist. The Sixth Sense
79%
Morgan Freeman and Brad Pitt are detectives Se7en
77%
Tom hanks comes across a black man accused of child murder and rape, yet who has a mysterious gift The Green Mile
75%
Tim Robbins, Morgan Freeman The Shawshank Redemption
73%
Golf comedy staring Adam Sandler Happy Gilmore
72%
Jim Carrey is a fast track lawyer who can't lie for 24 hours due to his son's birthday wish. Liar Liar
72%
Four teenage boys enter a pact to lose their virginity by prom night. Staring Jason Biggs, Alyson Hannigan, Eugene Levy and Seann William Scott American Pie
69%
Will Smith and Martin Lawrence are two detectives Bad Boys
69%
A weatherman finds himself living the same day over and over again. Groundhog Day
69%
Based on the true story of the first Jamaican bobsled team trying to make it to the winter Olympics Cool Runnings
67%
Matt Damon is a janitor at MIT who has a gift for mathematics but needs help from a psychologist to find direction in his life Good Will Hunting
65%
Jackie Chan and Chris Tucker are two cops who team up to get back a kidnapped daughter Rush Hour
65%
Robert De Niro, Ray Liotta and Joe Pesci work their way up through the Mob Goodfellas
63%
Jeff Bridges is the 'Dude' The Big Lebowski
61%
Edward Norton takes on the role of a neo-nazi American History X
60%
Ewan McGregor lives and takes major part in the deeply immersed Edinburgh drug scene Trainspotting
60%
Ben Stiller gets a chance to meet up with his dream girl from highschool. Also stars Cameron Diaz and Matt Dillon There's Something About Mary
58%
Ice cube is gonna get high today Friday
54%
Quentin Tarantino 1992 film staring Harvey Keitel, Tim Roth and Michael Madsen Reservoir Dogs
52%
Who is Keyser Söze? The Usual Suspects
49%
Robert De Niro and Val Kilmer are part of a group of professional bank robbers start to feel the heat from police when they unknowingly leave a clue at their latest heist. Heat
46%
Cuba Gooding Jr., Laurence Fishburne and Ice Cube spend all their lives growing up in a Los Angeles ghetto. Boyz n the Hood
42%
Jean Reno is a professional assassin rescues a young girl whose family were killed in a police raid. Léon: The Professional
36%
No matching quizzes found
Score Distribution
Percent of People with Each Score
Percentile by Number Answered
Your Score History
You have not taken this quiz